Stations de la ligne A du tramway de Grenoble - Statistiques

Statistiques générales
  • Ce quiz a été pris 79 fois
  • Le résultat moyen est 21 sur 31
Statistiques - réponses
Hint Réponse % Correct
B D Victor Hugo
93%
B D E Alsace Lorraine
91%
B D SNCF Gares
91%
La Poya
91%
C Chavant
89%
SNCF Pont-de-Claix l'Étoile
89%
Grand'place
87%
B D Hubert Dubedout - Maison du Tourisme
87%
B Saint-Bruno
85%
Verdun Préfecture
83%
Arlequin
80%
Albert 1er de Belgique
76%
MC2 - Maison de la Culture
76%
Pôlesud Alpexpo
76%
SNCF Échirolles Gare
74%
Berriat - Le Magasin
67%
Malherbe
67%
Mounier
67%
Denis Papin
63%
La Bruyère - Parc Jean Verlhac
63%
La Rampe - Centre Ville
63%
Louis Maisonnat
59%
Les Fontainades - Le Vog
56%
Marie Curie
54%
Surieux
54%
Les Granges
52%
Auguste Delaune
50%
Essarts - La Butte
48%
Charles Michels
43%
Edmée Chandon
35%
Fontaine - Hôtel de Ville La Source
35%
Aucun quiz correspondant
Distribution des résultats
% des personnes avec chaque résultat
Percentile par nombre de réponses
Votre historique - résultats
Vous n’avez pas pris ce quiz